=LDR 00000nam 2200000 4500 =001 INLIS000000000051907 =005 20180111014749 =035 ##$$a 0010-0118000095 =007 ta =008 180111###########################0###### =020 ##$$a 979 - 602 - 317 - 173 - 6 =082 ##$$a 028.5 =084 ##$$a 028.5 DYA c =100 #$$a Dyah Umi Purnama =245 1#$$a Cerita anak terbaik sepanjang masa : $b Seri aku anak sehat /$c Dyah Umi Purnama =260 ##$$a Surakarta :$b Visi Mandiri,$c 2015 =300 ##$$a 112 hlm. : $b Ilus ; $c 24 cm. =650 ##$$a Bacaan kanak - kanak =504 ##$$a Bibliografi ; hlm. 110 - 111 =990 ##$$a 05030503 =990 ##$$a 05030503 =990 ##$$a 05030503 =990 ##$$a 05030503 =990 ##$$a 05030503 =990 ##$$a 21705771 =990 ##$$a 01201800503 =990 ##$$a 01201800504 =990 ##$$a 01201800505 =990 ##$$a 01201800506 =990 ##$$a 21705772 =990 ##$$a 01201800503 =990 ##$$a 01201800504 =990 ##$$a 01201800505 =990 ##$$a 21705771 =990 ##$$a 21705773 =990 ##$$a 01201800503 =990 ##$$a 01201800504 =990 ##$$a 21705772 =990 ##$$a 21705771 =990 ##$$a 21705774 =990 ##$$a 01201800503 =990 ##$$a 21705773 =990 ##$$a 21705772 =990 ##$$a 21705771 =990 ##$$a 21705775 =990 ##$$a 21705774 =990 ##$$a 21705773 =990 ##$$a 21705772 =990 ##$$a 21705771